<?xml version="1.0" encoding="UTF-8"?>
<marc:record xmlns:marc="http://www.loc.gov/MARC21/slim">
   <marc:leader>00000nam a2200000 a 4500</marc:leader>
   <marc:datafield ind1="1" ind2=" " tag="100">
      <marc:subfield code="a">Bachmann, Ingeborg</marc:subfield>
      <marc:subfield code="4">aut</marc:subfield>
      <marc:subfield code="e">Verfasser/-in</marc:subfield>
   </marc:datafield>
   <marc:datafield ind1="1" ind2=" " tag="100">
      <marc:subfield code="a">Höller, Hans</marc:subfield>
   </marc:datafield>
   <marc:datafield ind1="1" ind2=" " tag="100">
      <marc:subfield code="a">Reitani, Luigi</marc:subfield>
   </marc:datafield>
   <marc:datafield ind1=" " ind2=" " tag="653">
      <marc:subfield code="a">Gedichte</marc:subfield>
   </marc:datafield>
   <marc:datafield ind1="0" ind2="0" tag="245">
      <marc:subfield code="a">Anrufung des Großen Bären</marc:subfield>
   </marc:datafield>
   <marc:datafield ind1="0" ind2="0" tag="245">
      <marc:subfield code="b">Gedichte</marc:subfield>
   </marc:datafield>
   <marc:datafield ind1="0" ind2="0" tag="245">
      <marc:subfield code="c">Ingeborg Bachmann. Hrsg. von Luigi Reitani. Mit einem Vorw. von Hans Höller</marc:subfield>
   </marc:datafield>
   <marc:datafield ind1=" " ind2="1" tag="264">
      <marc:subfield code="a">Frankfurt am Main</marc:subfield>
      <marc:subfield code="b">Suhrkamp</marc:subfield>
      <marc:subfield code="c">2022</marc:subfield>
   </marc:datafield>
   <marc:datafield ind1="1" ind2=" " tag="520">
      <marc:subfield code="a">Ingeborg Bachmanns zweite Lyriksammlung, Anrufung des Großen Bären (1956), enthält Verse, die wegen ihrer hohen Einprägsamkeit, der Kühnheit ihrer Metaphern und ihres zeitkritischen, ethisch motivierten Sprachgestus schon bei Erscheinen Aufsehen erregten und bald kanonisiert wurden. Es sind Gedichte, die radikale Fragen stellen und Themen wie Liebe, Selbstbestimmung, Verantwortung, Utopie mit scharfer denkerischer Freiheit in mitreißenden Klangbildern entfalten.</marc:subfield>
   </marc:datafield>
   <marc:datafield ind1=" " ind2=" " tag="020">
      <marc:subfield code="a">9783518426050</marc:subfield>
      <marc:subfield code="9">9783518426050</marc:subfield>
   </marc:datafield>
   <marc:datafield ind1=" " ind2=" " tag="020">
      <marc:subfield code="a">3518426052</marc:subfield>
      <marc:subfield code="9">3518426052</marc:subfield>
   </marc:datafield>
   <marc:datafield ind1=" " ind2=" " tag="500">
      <marc:subfield code="a">Lieraturverz. S. 291 - 302</marc:subfield>
   </marc:datafield>
   <marc:datafield ind1=" " ind2=" " tag="300">
      <marc:subfield code="a">332 S. : Ill., Faks.</marc:subfield>
   </marc:datafield>
</marc:record>
